SUDOKU #2 - Statistiques

Statistiques générales
  • Ce quiz a été pris 131 fois
  • Le résultat moyen est 55 sur 64
Statistiques - réponses
Réponse % Correct
3
97%
7
96%
3
95%
3
95%
7
94%
2
92%
4
92%
5
92%
5
92%
6
92%
6
92%
4
91%
5
91%
1
90%
4
90%
8
90%
9
90%
2
89%
4
89%
6
89%
1
87%
2
87%
3
87%
5
87%
7
87%
7
87%
8
87%
9
87%
1
86%
2
86%
2
86%
4
86%
8
86%
9
86%
1
85%
6
85%
8
85%
8
85%
9
85%
9
85%
1
84%
3
84%
7
84%
8
84%
9
84%
1
82%
2
82%
2
82%
3
82%
9
82%
1
81%
4
81%
4
81%
5
81%
5
81%
5
81%
6
81%
6
81%
7
81%
7
81%
8
81%
9
81%
9
81%
6
80%
Aucun quiz correspondant
Distribution des résultats
% des personnes avec chaque résultat
Percentile par nombre de réponses
Votre historique - résultats
Vous n’avez pas pris ce quiz